000
00322nam a22001337a 4500
020
_a
0-7126-0424-3
082
_a
000
_b
RAM/D
100
_a
RAMSHAW, MARK
245
_a
DISCOVER YOUR ZX SPECTRUM
260
_a
LONDON
_b
CENTURY PUBLICATIONS
_c
1984
300
_a
113
650
_a
COMPUTER SCIENCE REFERENCE
_z
INDIA
942
_c
BK
999
_c
1642
_d
1642